F1 world champion podiums 2010s - Statistics

General Stats
  • This quiz has been taken 123 times
  • The average score is 27 of 27
Answer Stats
Hint 1st 2nd 3rd % Correct
2012 European GP Fernando Alonso Kimi Raikkonen Michael Schumacher
100%
2012 German GP Fernando Alonso Jenson Button Kimi Raikkonen
100%
2013 Chinese GP Fernando Alonso Kimi Raikkonen Lewis Hamilton
100%
2010 Canadian GP Lewis Hamilton Jenson Button Fernando Alonso
100%
2011 Abu Dhabi GP Lewis Hamilton Fernando Alonso Jenson Button
100%
2012 United States GP Lewis Hamilton Sebastian Vettel Fernando Alonso
100%
2013 Hungarian GP Lewis Hamilton Kimi Raikkonen Sebastian Vettel
100%
2016 Abu Dhabi GP Lewis Hamilton Nico Rosberg Sebastian Vettel
100%
2017 United States GP Lewis Hamilton Sebastian Vettel Kimi Raikkonen
100%
2018 Hungarian GP Lewis Hamilton Sebastian Vettel Kimi Raikkonen
100%
2010 Abu Dhabi GP Sebastian Vettel Lewis Hamilton Jenson Button
100%
2011 Spanish GP Sebastian Vettel Lewis Hamilton Jenson Button
100%
2011 Monaco GP Sebastian Vettel Fernando Alonso Jenson Button
100%
2011 Italian GP Sebastian Vettel Jenson Button Fernando Alonso
100%
2011 Indian GP Sebastian Vettel Jenson Button Fernando Alonso
100%
2012 Singapore GP Sebastian Vettel Jenson Button Fernando Alonso
100%
2013 Canadian GP Sebastian Vettel Fernando Alonso Lewis Hamilton
100%
2013 Belgian GP Sebastian Vettel Fernando Alonso Lewis Hamilton
100%
2013 Singapore GP Sebastian Vettel Fernando Alonso Kimi Raikkonen
100%
2018 Australian GP Sebastian Vettel Lewis Hamilton Kimi Raikkonen
100%
2018 British GP Sebastian Vettel Lewis Hamilton Kimi Raikkonen
100%
2011 Hungarian GP Jenson Button Sebastian Vettel Fernando Alonso
97%
2011 Japanese GP Jenson Button Fernando Alonso Sebastian Vettel
97%
2012 Australian GP Jenson Button Sebastian Vettel Lewis Hamilton
97%
2012 Belgian GP Jenson Button Sebastian Vettel Kimi Raikkonen
97%
2012 Abu Dhabi GP Kimi Raikkonen Fernando Alonso Sebastian Vettel
95%
2013 Australian GP Kimi Raikkonen Fernando Alonso Sebastian Vettel
95%
No matching quizzes found
Score Distribution
Percent of People with Each Score
Percentile by Number Answered
Your Score History
You have not taken this quiz